|
|
|
|
| LEADER |
00000nab a2200000 a 4500 |
| 001 |
vtls000661395 |
| 003 |
SK-MaSNL |
| 005 |
20260303043544.0 |
| 008 |
040806c1998 xo 0 slo |
| 015 |
|
|
|a SNBRB1998/06-16621
|
| 035 |
|
|
|a CLN000013585
|
| 040 |
|
|
|a SNKBUCL
|b slo
|c SNKBUCL
|e AACR2
|
| 041 |
0 |
|
|a slo
|
| 044 |
|
|
|a xo
|c SK
|
| 080 |
|
|
|a 2-051
|2 UDC-MRF-SK2
|
| 080 |
|
|
|a 929 Ušák, Vít
|2 UDC-MRF-SK2
|
| 080 |
|
|
|a 271-051
|2 UDC-MRF-SK2
|
| 245 |
0 |
0 |
|a Jubilujúci salezián a básnik
|c [autor] J.M.R.
|
| 300 |
|
|
|b Obr.
|
| 600 |
1 |
7 |
|a Ušák, Vít,
|d 1923-2019
|2 snkbucl
|9 121681
|
| 655 |
|
7 |
|a profily
|2 snkbucl
|9 341977
|
| 655 |
|
7 |
|a články z novín a časopisov
|2 snkbucl
|9 267496
|
| 773 |
0 |
|
|x 0139-8512
|t Katolícke noviny
|g Roč. 113, č. 24 (1998), s. 15
|
| 850 |
|
|
|a Slovenská národná knižnica v Martine
|
| 852 |
|
|
|a SNK
|b KIS3GCP
|
| 958 |
|
|
|a BX
|
| 999 |
|
|
|c 1697366
|d 1699296
|